[Event "Tata Steel GCT Rapid 2019"]
[Site "Kolkata"]
[Date "2019.11.23"]
[Round "6.4"]
[White "Harikrishna, Pentala"]
[Black "Nakamura, Hikaru"]
[Result "0-1"]
[WhiteElo "2731"]
[BlackElo "2741"]
[Annotator "TA"]
[PlyCount "76"]
[EventDate "2019.11.22"]
[EventType "tourn"]
[EventCountry "IND"]
[SourceTitle "playchess.com"]
[Source "ChessBase"]
[SourceQuality "1"]

{[%evp 10,76,34,0,10,0,0,0,18,11,12,23,18,22,14,18,29,35,26,31,31,33,33,39,34,29,24,10,15,0,29,14,16,-25,-22,-45,-11,-11,-8,-39,-42,-77,-60,-56,-61,-54,-54,-56,-58,-59,0,-174,-162,-173,-182,-608,-634,-1094,-1088,-1089,-1017,-29991,-29992,-29992,-29993,-29993,-29994,-29994,-29995]} 1. d4 Nf6 2. c4 e6 3. g3 d5 4. Bg2 dxc4 5. Nf3 a6 6. Ne5 {[%mdl 1024] White has compensation.} Bb4+ {E04: Open Catalan: 5 Nf3} (6... c5 7. Be3 Nd5 8. Nc3 Nxe3 9. fxe3 Nd7 10. Nxc4 Be7 11. dxc5 Bxc5 12. Nd6+ Bxd6 13. Qxd6 Qe7 14. Qd4 Nf6 15. O-O O-O {½-½ (64) Onischuk,A (2681)-Bruzon Batista,L (2673) Saint Louis 2018}) 7. Nc3 {[%cal Bb1c3,Bc3e4,Be4c5][%mdl 32] Black must now prevent Qa4+.} Nd5 8. O-O {Hoping for Nxd5.} O-O {The position is equal.} 9. Ne4 b5 10. b3 cxb3 11. axb3 Bb7 12. Nd3 Be7 $146 ({Predecessor:} 12... Nd7 13. Nxb4 Nxb4 14. Ba3 {½-½ (29) Ruefenacht,M (2510)-Mahnke,R (2534) GER email 2015}) 13. Nec5 Bc6 14. Bb2 Nf6 15. e4 Bxc5 16. Nxc5 Nbd7 17. Nxd7 Nxd7 18. Bc3 Bb7 19. Ba5 Qe7 20. Rc1 Rfc8 21. Qd2 c5 22. Rfd1 cxd4 {...e5 is the strong threat.} 23. Qxd4 {Strongly threatening Rxc8+.} Nf8 24. h4 (24. Bc3 {seems wilder.} f6 25. Bb4 e5 26. Bxe7 exd4 27. Rxc8 Rxc8 28. Bb4) 24... e5 25. Qb6 Ne6 26. Rxc8+ Rxc8 27. Rd6 h6 28. Bb4 Qc7 29. Kh2 Nd4 (29... Qxb6 $15 30. Rxb6 Rc7) 30. f4 $2 {[#]} (30. Qxc7 $11 Rxc7 31. Rd8+ Kh7 32. Bd6) 30... f6 $1 $19 31. fxe5 fxe5 32. Rg6 $2 (32. Bc5) 32... Qf7 {Threatens to win with ...Rc2!} 33. h5 {[#] If White can now play Bc5 this consolidates a bit.} Rc2 $1 34. Qd8+ Kh7 {( -> ...Rxg2+!)} 35. Bf8 {[#]} Rxg2+ $1 {[%mdl 512] Black mates.} 36. Kh3 {[#]} (36. Kxg2 Bxe4+) 36... Rh2+ $1 {[%mdl 576] Decoy} 37. Kxh2 Qf2+ 38. Kh3 Qf1+ {Accuracy: White = 52%, Black = 82%.} 0-1

[Event "Tata Steel GCT Rapid 2019"]
[Site "Kolkata"]
[Date "2019.11.23"]
[Round "6.5"]
[White "Ding, Liren"]
[Black "Aronian, Levon"]
[Result "1/2-1/2"]
[WhiteElo "2801"]
[BlackElo "2772"]
[Annotator "TA"]
[PlyCount "41"]
[EventDate "2019.11.22"]
[EventType "tourn"]
[EventCountry "IND"]
[SourceTitle "playchess.com"]
[Source "ChessBase"]
[SourceQuality "1"]

{[%evp 13,41,15,50,60,45,56,43,33,38,41,64,18,59,0,0,8,0,0,0,0,7,0,0,0,0,0,0,3,0,-12]} 1. d4 Nf6 2. c4 e6 3. g3 d5 4. Bg2 Bb4+ 5. Bd2 Bxd2+ 6. Nxd2 O-O 7. Ngf3 c6 8. O-O {E11: Bogo-Indian} b6 (8... Nbd7 9. Rc1 b6 10. cxd5 cxd5 11. a4 Re8 {½-½ (11) Sumets,A (2569)-Bogdanovich,S (2574) Konya 2017}) 9. Qc2 Ba6 10. Rfd1 {White is slightly better.} Nbd7 11. Rac1 Rc8 $146 ({Predecessor:} 11... Qe7 12. a3 Rac8 13. e4 dxc4 14. Nxc4 Bxc4 15. Qxc4 Nxe4 {½-½ (59) Kanevskaya,A (2105)-Vasilevich,I (2258) Moscow 2018}) 12. e3 h6 13. cxd5 (13. Ne5 $14) 13... cxd5 $11 {The position is equal.} 14. Qa4 Be2 15. Re1 {[#] And now Rxc8 would win.} Rxc1 16. Rxc1 Qb8 17. Qc6 Ba6 {Threatens to win with ...Rc8.} 18. Qc7 Rc8 19. Qxb8 Nxb8 20. Rxc8+ Bxc8 21. Ne5 1/2-1/2

[Event "Tata Steel GCT Rapid 2019"]
[Site "Kolkata"]
[Date "2019.11.24"]
[Round "7.1"]
[White "Aronian, Levon"]
[Black "So, Wesley"]
[Result "1/2-1/2"]
[WhiteElo "2772"]
[BlackElo "2760"]
[Annotator "TA"]
[PlyCount "86"]
[EventDate "2019.11.22"]
[EventType "tourn"]
[EventCountry "IND"]
[SourceTitle "playchess.com"]
[Source "ChessBase"]
[SourceQuality "1"]

{[%evp 22,86,12,0,-6,-13,28,9,30,0,0,0,-3,-36,4,-22,-13,-29,-14,-18,-18,-18,-22,-18,-20,-38,-16,-25,-24,-26,0,0,0,-17,-27,-30,17,16,14,12,15,0,5,0,0,0,0,0,0,0,0,0,8,0,0,0,0,0,0,0,0,0,0,0,0,0,0]} 1. e4 e5 2. Nf3 Nc6 3. Bb5 Nf6 4. O-O Nxe4 5. d4 Nd6 6. Bxc6 dxc6 7. dxe5 Nf5 8. Qxd8+ Kxd8 9. Nc3 Bd7 10. b3 Kc8 11. Bb2 h6 12. h3 b6 {C67: Ruy Lopez: Berlin Defence: 4 0-0 Nxe4} 13. Rad1 Ne7 (13... c5 14. Nd5 a5 15. Rd3 Ne7 16. Ne3 Be6 17. Nd2 a4 18. f4 axb3 19. axb3 Ra2 20. Rb1 {½-½ (70) Aronian,L (2765)-Dominguez Perez,L (2763) Saint Louis 2019}) 14. Ne2 Ng6 15. Ne1 h5 16. Nd3 {[#]} a5 $146 ({Predecessor:} 16... h4 17. Ndf4 Nxf4 18. Nxf4 Bf5 19. Rfe1 Rh6 20. c4 {0-1 (65) Zapata,A (2425)-Shimanov,A (2639) Greensboro 2016}) 17. a4 Be7 18. Rfe1 Nf8 19. Ndf4 Bg5 20. e6 Nxe6 21. Nxe6 Bxe6 22. Bxg7 Rg8 23. Be5 c5 {next ...Bf5 is good for Black.} 24. Bf4 Bf6 25. Ng3 h4 26. Ne4 Be7 27. Nc3 c6 28. Kh2 Ra7 29. Ne4 {The position is equal.} Rd7 30. Rxd7 Kxd7 31. Rd1+ Kc8 32. c4 Rd8 33. Rxd8+ Kxd8 $11 {[%mdl 4096] Endgame KBB-KBN} 34. g4 hxg3+ 35. Kxg3 Kd7 36. Bd2 f5 37. Nc3 Bf6 38. Kf3 Bf7 39. Ke2 Bh5+ 40. f3 Bg6 41. Kd3 Bh5 42. Ke2 Bg6 43. Kd3 Bh5 {Accuracy: White = 63%, Black = 66%.} 1/2-1/2

[Event "Tata Steel GCT Rapid 2019"]
[Site "Kolkata"]
[Date "2019.11.24"]
[Round "7.2"]
[White "Nepomniachtchi, Ian"]
[Black "Vidit, Santosh Gujrathi"]
[Result "1-0"]
[WhiteElo "2773"]
[BlackElo "2722"]
[Annotator "TA"]
[PlyCount "119"]
[EventDate "2019.11.22"]
[EventType "tourn"]
[EventCountry "IND"]
[SourceTitle "playchess.com"]
[Source "ChessBase"]
[SourceQuality "1"]

{[%evp 14,119,-2,-9,-20,-8,-24,-29,-8,-44,-21,-39,8,10,14,14,13,8,7,2,68,27,25,-4,-8,-57,-20,-45,0,-3,0,0,0,0,0,0,8,0,0,0,0,0,0,0,65,49,67,55,62,0,0,0,25,0,0,0,0,0,0,0,0,0,0,0,56,55,392,382,445,445,429,422,420,412,350,366,918,870,992,910,992,932,973,897,858,840,718,679,1345,793,628,720,740,470,468,392,2445,1950,12510,12242,29962,29964,29969,29969,29966,29966,5509,1769]} 1. e4 e5 2. Nf3 Nc6 3. d4 exd4 4. Nxd4 Nf6 5. Nxc6 bxc6 6. e5 Qe7 7. Qe2 Nd5 8. h4 Qe6 {C45: Scotch Game} 9. Nd2 a5 10. Nf3 $146 ({Predecessor:} 10. g3 Nb4 11. Nf3 Ba6 12. c4 c5 13. Bf4 Qg6 14. Rc1 Bb7 15. a3 Qe4 16. Rc3 Qb1+ 17. Rc1 Qe4 18. Rc3 Qb1+ 19. Rc1 {½-½ (19) Vocaturo,D (2612)-Sargissian,G (2681) Helsingor 2019}) 10... Ba6 {Black has an edge.} 11. c4 Bb4+ 12. Bd2 Bxd2+ 13. Qxd2 Nb6 $1 14. b3 c5 15. O-O-O Bb7 16. Bd3 h6 (16... Bxf3 $11 17. gxf3 O-O) 17. Qe3 Qe7 $1 18. a4 d5 19. cxd5 Nxd5 20. Qe4 $1 O-O-O {aiming for ...Nc3.} (20... c4 $5 21. Qxc4 Qa3+ 22. Kd2 O-O $11) 21. Bc4 {[%cal Rc4d5]} Nc3 22. Qf5+ Kb8 23. Rxd8+ Rxd8 24. Re1 Nd5 25. Rd1 g6 26. Qd3 Rd7 27. Bb5 c6 {[#] White must now prevent ...Nb6.} 28. Bc4 Nb6 (28... Bc8 $11) 29. Qc3 $14 Rxd1+ 30. Kxd1 Nxc4 31. Qxc4 ({White should try} 31. bxc4 $14 Qd8+ 32. Qd2 Qxd2+ 33. Nxd2) 31... Bc8 $11 32. Qc3 Be6 33. Kc1 Kb7 34. g3 c4 35. bxc4 Qc5 36. Nd2 Qxf2 37. Nb3 Kc8 38. Nxa5 Qc5 (38... Qe2 $11) 39. Kb2 $14 Kc7 $2 {[%mdl 8192] [#]} ({Black should play} 39... Qf2+ $14 40. Ka3 Qc5+ 41. Qb4 Qe3+ 42. Nb3 Qd3) 40. Nb3 $18 Qxc4 41. Qxc4 Bxc4 {[%mdl 4096] Endgame KB-KN} 42. Kc3 Bd5 43. Nc5 Kb6 44. Kb4 h5 $2 (44... Bg2 45. a5+ Ka7) 45. a5+ Ka7 46. Kc3 Ba2 47. Kd4 Bd5 48. Ke3 Ba2 49. Kf4 Bd5 50. Kg5 Ba2 51. Kf6 Bd5 52. Ke7 Ba2 53. Kd6 Bd5 54. Nd3 Be4 $2 (54... Kb7 55. Nb4 Bf3) 55. Nb4 Kb7 56. Kc5 Bg2 57. a6+ Ka7 58. Nxc6+ Kxa6 59. Nd8 Bh3 60. Kd6 {Accuracy: White = 67%, Black = 41%.} (60. Nxf7 $142 Bd7 61. Kd6) 1-0

[Event "Tata Steel GCT Rapid 2019"]
[Site "Kolkata"]
[Date "2019.11.24"]
[Round "7.3"]
[White "Carlsen, Magnus"]
[Black "Anand, Viswanathan"]
[Result "1-0"]
[WhiteElo "2870"]
[BlackElo "2757"]
[Annotator "TA"]
[PlyCount "77"]
[EventDate "2019.11.22"]
[EventType "tourn"]
[EventCountry "IND"]
[SourceTitle "playchess.com"]
[Source "ChessBase"]
[SourceQuality "1"]

{[%evp 12,77,12,9,23,8,22,-13,-10,-16,-12,-15,0,0,13,12,8,0,7,0,0,0,17,19,10,0,0,7,39,37,167,156,68,14,68,43,210,200,418,414,363,232,270,125,123,110,166,160,238,175,179,139,190,189,219,190,187,167,200,185,370,330,29989,29990,29991,29992,29992,29993]} 1. d4 Nf6 2. c4 e6 3. Nc3 Bb4 4. Nf3 d5 5. cxd5 exd5 6. Bg5 h6 7. Bh4 O-O {D38: Queen's Gambit Declined: Ragozin Defence (4 Nf3 Bb4)} (7... Nbd7 8. e3 g5 9. Bg3 Ne4 10. Nd2 Nxg3 11. hxg3 c6 12. Qc2 Kf8 13. Bd3 Kg7 14. O-O-O Nf6 15. Nf3 {½-½ (57) Carlsen,M (2855)-Anand,V (2770) Leuven 2016}) 8. e3 Bf5 9. Nd2 (9. Be2 Nbd7 10. Qb3 Ba5 11. O-O c6 12. Ne5 Qb6 13. Nxd7 Nxd7 14. Rfc1 Qxb3 15. axb3 {½-½ (26) Giri,A (2797)-Navara,D (2739) Shamkir 2019}) 9... g5 {The position is equal.} 10. Bg3 $1 c5 11. a3 $1 {[%cal Ra3b4]} Bxc3 12. bxc3 c4 13. h4 {[#]} g4 $146 ({Predecessor:} 13... Nbd7 14. Be2 Kg7 15. Qc1 {0-1 (35) Urkedal,F (2552)-Hammer,J (2631) Sarpsborg 2018}) 14. h5 Nbd7 {[%cal Bb8d7,Bd7b6,Bb6a4][%mdl 32]} 15. Bf4 Qa5 16. Qc1 Nb6 17. Bxh6 Na4 18. Bxf8 Rxf8 19. f3 {Black should prevent e4!} Re8 20. Kf2 $1 b5 (20... Nxc3 $14 21. e4 {[%mdl 64] Deflection} dxe4 22. Nxc4 Qd5 23. Qg5+ {[%mdl 64] Double Attack} (23. Qxc3 exf3 24. gxf3 gxf3 $18) 23... Kh7) 21. e4 $1 $18 dxe4 22. Nxc4 (22. Nxe4 $14 Nxe4+ 23. fxe4 Bxe4 24. Rh4 (24. Qg5+ Kh7 $16) 24... Qxc3 25. Rxg4+ Kh7 26. Qxc3 Nxc3 27. Rc1) 22... bxc4 $11 23. Qg5+ {[%mdl 64] Double Attack} Kh7 $2 ({Black should play} 23... Kf8 $14) 24. Qxf6 $18 {h6 would kill now.} e3+ $2 (24... Be6) 25. Kg1 {White wants to mate with h6.} Be6 26. d5 ({Not} 26. h6 Rg8 $16) 26... Qxd5 {[#]} 27. Re1 ({Weaker is} 27. h6 Rg8 $11) (27. fxg4 $1 $18 {and the rest is easy. Strongly threatening g5.} Qd2 28. g5) 27... Qd2 $16 {( -> ...Qf2+)} 28. Re2 Qc1 (28... Qd3 $16 29. h6 Qxc3) 29. Qd4 $18 ({Don't do} 29. h6 $6 Rg8 $14) 29... gxf3 (29... Nxc3 $16 {was called for.} 30. Rxe3 Nd5) 30. Qxe3 $40 {[%mdl 128] Black is in trouble.} Qxc3 31. gxf3 {Black must now prevent Qe4+.} Rg8+ (31... Qxe3+ $16 32. Rxe3 Rd8) 32. Kf2 {Hoping for Qxc3.} Qg7 {[%csl Gg8][%cal Rg7g3]} 33. Qe4+ Kh6 {Black wants to play ...Qg3+.} 34. Qf4+ Kh7 {[#]} 35. Qe5 $1 Qh6 $2 (35... Qxe5 36. Rxe5 Rc8) 36. Rg1 Rc8 $2 (36... Rxg1 $18 37. Kxg1 Qg7+ 38. Kf2 Kh6 39. Qf4+ Qg5 40. Qxg5+ Kxg5 41. Re5+ Kh6) 37. Qe4+ {White mates.} Kh8 38. Qd4+ {[%mdl 64] Double Attack} Kh7 {[#]} 39. Rxe6 $1 {[%mdl 512] Accuracy: White = 60%, Black = 32%.} 1-0

[Event "Tata Steel GCT Rapid 2019"]
[Site "Kolkata"]
[Date "2019.11.24"]
[Round "7.4"]
[White "Giri, Anish"]
[Black "Harikrishna, Pentala"]
[Result "1/2-1/2"]
[WhiteElo "2776"]
[BlackElo "2731"]
[Annotator "TA"]
[PlyCount "200"]
[EventDate "2019.11.22"]
[EventType "tourn"]
[EventCountry "IND"]
[SourceTitle "playchess.com"]
[Source "ChessBase"]
[SourceQuality "1"]

{[%evp 18,200,2,0,23,22,19,7,0,13,10,7,13,0,15,0,0,0,0,0,50,49,37,33,57,59,73,78,53,50,53,37,63,63,106,82,64,72,72,79,91,79,77,60,108,45,48,47,44,43,130,133,124,118,162,161,167,168,162,160,136,143,168,115,243,252,270,262,321,317,403,404,403,391,383,389,389,365,654,660,691,619,327,0,571,568,675,675,673,674,576,575,509,0,546,0,519,522,497,491,456,434,414,335,308,64,66,79,85,0,0,0,0,0,0,0,0,0,0,0,0,0,0,0,0,0,0,0,0,0,0,0,0,0,0,0,0,0,0,0,0,0,0,0,0,0,0,0,0,0,0,0,0,0,0,0,0,0,0,0,0,0,0,0,0,0,0,0,0,0,0,0,0,0,0,0,0,0,0,0,0,0,0,0,0]} 1. c4 Nf6 2. Nf3 e6 3. g3 d5 4. Bg2 Be7 5. O-O O-O 6. d4 dxc4 7. Qc2 a6 8. Qxc4 b5 9. Qc2 Bb7 10. Bd2 Bd6 {E05: Open Catalan: 5 Nf3 Be7} (10... Ra7 {with more complications.} 11. Rc1 Be4 12. Qb3 Nc6 13. e3 Qa8) (10... Be4 11. Qc1 c6 12. a4 Nbd7 13. Nc3 Bg6 14. Nh4 Bh5 15. h3 Nd5 16. axb5 axb5 17. Nxd5 cxd5 18. Bf3 Bxf3 19. Nxf3 {½-½ (54) Sjugirov,S (2662)-Radjabov,T (2758) Khanty-Mansiysk 2019}) 11. Bg5 Nbd7 12. Bxf6 Nxf6 13. Nbd2 {[%cal Bb1d2,Bd2b3,Bb3c5][%mdl 32]} Rc8 14. Nb3 Be4 15. Qc3 Qe7 {[#]} 16. Nc5 $146 ({Predecessor:} 16. Rac1 Nd7 17. Qe3 f5 18. Ne5 Bxg2 19. Kxg2 Bxe5 20. dxe5 {0-1 (40) Bauer,C (2571)-Bologan,V (2652) Belfort 2002}) 16... Nd5 17. Qa3 Bxc5 18. dxc5 a5 19. Qxa5 Qxc5 20. Rfc1 Qd6 21. Qxb5 Rb8 22. Qa4 Bxf3 23. Bxf3 Rxb2 24. Qa5 h6 25. a4 c6 26. Qc5 Qxc5 27. Rxc5 Nb4 28. a5 Ra8 29. Rc4 Ra6 30. Be4 f5 31. Rb1 (31. Bg2 $1 $16) 31... Rxb1+ $14 32. Bxb1 {[%mdl 4096] Endgame KRB-KRN} Nd5 33. Rc5 Nc7 (33... Nb4 $14) 34. Bd3 $16 Nb5 35. Bc4 Kf8 36. Bxe6 Ke7 37. Bxf5 Kd6 38. Rc1 Rxa5 39. f4 c5 40. Rd1+ Ke7 (40... Kc6 $16) 41. Rd7+ $18 Kf6 42. Bd3 Nd4 43. Kf2 g5 44. Rd6+ Ke7 45. Rxh6 gxf4 46. gxf4 Ra4 {If Black can now play ...c4 this consolidates a bit.} 47. Ke3 Ra3 $2 (47... Ne6 48. f5 Nd8) 48. Ke4 Ra2 49. Kd5 Rd2 50. Ke4 $2 ({Weaker is} 50. Kxc5 Nxe2 51. Bxe2 Rxe2 $16) (50. Rh7+ $18 Kf6 51. Ke4 (51. Kxc5 Nxe2 52. Rh6+ Kg7 $16)) 50... Rb2 $2 {[%mdl 8192]} (50... Ra2 $1 $11) 51. e3 Ne6 52. Bc4 Nf8 53. h4 Rc2 54. Kd3 Rh2 55. Ke4 Rc2 $1 56. Kd3 Rh2 57. Bd5 Nd7 58. Rh7+ Kd6 59. Bf3 Nf6 60. Rf7 c4+ {[#]} 61. Kxc4 $2 ({White must play} 61. Kd4 $1 $18 Ke6 62. Rg7) 61... Ke6 $14 62. Rg7 {Threatens to win with Bg4+.} Rh3 {[#]} 63. Bb7 (63. Bg2 $1 $16 {[%cal Rg2h3]} Rxe3 64. Kd4) 63... Rxe3 $11 {The position is equal.} 64. Kd4 Ra3 65. Bc8+ Kd6 66. Bb7 Ra4+ 67. Ke3 {aiming for Rg6.} Rxf4 {[%mdl 64] Decoy} 68. Kxf4 {Kf5 would kill now.} Nh5+ 69. Kg5 (69. Kf5 {is more complex.}) 69... Nxg7 {KB-KN} 70. Kg6 Ne6 71. Kf6 Nf4 $1 72. Bf3 Kd7 73. Kf7 Kd6 74. Bg4 Ke5 75. Kg7 Kd5 76. Kf6 Kd6 77. Bd1 Nd5+ 78. Kf7 {Hoping for h5.} Nf4 79. Ba4 Ke5 80. Bd7 Kd6 81. Bg4 Ke5 82. Bc8 Kd6 83. Kf6 Nd5+ 84. Kf7 {Black must now prevent h5.} Nf4 85. Bf5 Ke5 86. Bg4 Kd6 87. Bf3 Ke5 88. Bb7 Kd6 89. Kf6 Nh5+ 90. Kf7 Nf4 91. Be4 Ke5 92. Bf3 Kd6 93. Kf6 Kd7 94. Be4 Ke8 95. Kg7 Ke7 96. Bf3 Ne6+ 97. Kg8 Kf6 98. h5 Kg5 99. Kh7 Nf8+ 100. Kg7 Ne6+ {Accuracy: White = 66%, Black = 58%.} 1/2-1/2

[Event "Tata Steel GCT Rapid 2019"]
[Site "Kolkata"]
[Date "2019.11.24"]
[Round "7.5"]
[White "Nakamura, Hikaru"]
[Black "Ding, Liren"]
[Result "1/2-1/2"]
[WhiteElo "2741"]
[BlackElo "2801"]
[Annotator "TA"]
[PlyCount "87"]
[EventDate "2019.11.22"]
[EventType "tourn"]
[EventCountry "IND"]
[SourceTitle "playchess.com"]
[Source "ChessBase"]
[SourceQuality "1"]

{[%evp 15,87,12,23,8,12,12,6,8,18,25,21,24,22,24,19,0,0,0,0,-22,4,0,0,-35,-4,-8,-10,-8,-6,-19,0,-31,-18,-29,-30,-27,-9,-18,0,0,0,0,0,0,0,0,18,0,0,0,0,0,0,0,0,-2,0,0,0,0,0,0,0,0,0,0,0,0,0,0,0,0,0,0]} 1. e4 e5 2. Nf3 Nc6 3. Bb5 a6 4. Ba4 Nf6 5. O-O Be7 6. d3 b5 7. Bb3 d6 8. a4 Bd7 9. c3 {C84: Closed Ruy Lopez: Unusual White 6th moves} Na5 (9... O-O 10. Bc2 h6 11. Re1 Re8 12. Nbd2 Bf8 13. Nf1 b4 14. Bd2 bxc3 15. bxc3 Na5 16. d4 c6 17. Rb1 Qc7 18. Ne3 Rab8 19. c4 Ng4 20. dxe5 Rxb1 21. Bxb1 Nxe5 {½-½ (31) Kryvoruchko,Y (2669)-Tomashevsky,E (2718) Mali Losinj 2019}) 10. Bc2 c5 11. d4 cxd4 12. cxd4 exd4 13. Nxd4 O-O 14. Nc3 {[%cal Ra4b5]} b4 $146 ({Predecessor:} 14... Nc6 15. axb5 Nxd4 16. Qxd4 axb5 {½-½ (61) Guo,A (2165)-Kim,Y (2281) Charlotte 2018}) 15. Nce2 Re8 16. Ng3 g6 17. Re1 Bf8 18. Nf3 Bg7 19. Be3 Bg4 20. h3 Bxf3 21. Qxf3 Nd7 22. Rab1 Rc8 23. Qd1 Nc4 24. Bb3 Nxe3 25. Rxe3 Nc5 26. Bd5 {The position is equal.} Qb6 27. b3 Ne6 28. Ne2 Nc7 29. Rf3 Nxd5 30. Qxd5 Rc7 31. Nf4 Qc6 32. Re1 Bc3 33. Rc1 Rxe4 34. Qxc6 Rxc6 35. Nd5 {[#] Hoping for Nf6+.} Kg7 (35... Kf8 {with more complications.} 36. Nxb4 Rxb4 37. Rfxc3 Rxc3 38. Rxc3 d5) 36. Nxc3 bxc3 (36... Re5 {seems wilder.} 37. Kf1 Rec5 38. Ke2 bxc3 39. Rc2 a5) 37. Rfxc3 Rxc3 38. Rxc3 $11 {[%mdl 4096] Endgame KR-KR} Rb4 39. Kf1 d5 40. Rc6 Rxb3 41. Rxa6 Rb2 42. Rd6 Ra2 43. Rxd5 Rxa4 44. g3 {Accuracy: White = 65%, Black = 66%.} 1/2-1/2

[Event "Tata Steel GCT Rapid 2019"]
[Site "Kolkata"]
[Date "2019.11.24"]
[Round "8.1"]
[White "Ding, Liren"]
[Black "Giri, Anish"]
[Result "1/2-1/2"]
[WhiteElo "2801"]
[BlackElo "2776"]
[Annotator "TA"]
[PlyCount "69"]
[EventDate "2019.11.22"]
[EventType "tourn"]
[EventCountry "IND"]
[SourceTitle "playchess.com"]
[Source "ChessBase"]
[SourceQuality "1"]

{[%evp 22,69,27,12,17,15,19,19,19,15,22,12,18,18,27,18,18,18,14,13,18,17,24,24,24,24,24,24,24,24,24,24,24,20,20,0,23,0,29,22,18,23,46,0,0,0,0,-5,0,0]} 1. d4 Nf6 2. c4 e6 3. Nf3 d5 4. Nc3 Bb4 5. Bg5 h6 6. Bxf6 Qxf6 7. e3 O-O 8. Qb3 c5 9. cxd5 exd5 10. dxc5 Bxc3+ 11. Qxc3 Qxc3+ 12. bxc3 Nd7 {D38: Queen's Gambit Declined: Ragozin Defence (4 Nf3 Bb4)} 13. Rd1 Nf6 14. Nd4 Bd7 15. f3 Rfc8 16. Nb3 {[#]} Kf8 $146 ({Predecessor:} 16... b6 17. Ba6 Rc7 18. c4 dxc4 19. Bxc4 b5 20. Be2 {½-½ (52) Anton Guijarro,D (2679)-Inarkiev,E (2727) Poikovsky 2017}) 17. Bd3 b6 18. cxb6 axb6 19. Ra1 Rxc3 20. Kd2 Rc7 21. Rhb1 Ba4 22. Nd4 Nd7 23. Rb4 h5 24. h4 Rc5 25. Rab1 g6 26. R1b2 Ke7 27. Ne2 Bc6 28. Nd4 Ba4 29. Ne2 Bc6 30. Nc3 Ra3 31. R2b3 Rxb3 32. Rxb3 Ra5 {The position is equal.} 33. Rb4 Kd6 34. Rb2 Kc7 35. Nb5+ {Accuracy: White = 66%, Black = 82%.} 1/2-1/2

[Event "Tata Steel GCT Rapid 2019"]
[Site "Kolkata"]
[Date "2019.11.24"]
[Round "8.2"]
[White "Vidit, Santosh Gujrathi"]
[Black "Anand, Viswanathan"]
[Result "1/2-1/2"]
[WhiteElo "2722"]
[BlackElo "2757"]
[Annotator "TA"]
[PlyCount "55"]
[EventDate "2019.11.22"]
[EventType "tourn"]
[EventCountry "IND"]
[SourceTitle "playchess.com"]
[Source "ChessBase"]
[SourceQuality "1"]

{[%evp 11,55,12,17,3,26,29,28,13,14,18,23,14,18,24,19,-37,0,-6,0,0,0,0,20,27,27,21,14,7,33,15,13,13,13,13,11,12,6,9,16,8,9,9,6,3,0,0]} 1. d4 Nf6 2. c4 e6 3. Nf3 d5 4. Nc3 Bb4 5. Qa4+ Nc6 6. e3 O-O 7. Qc2 {D38: Queen's Gambit Declined: Ragozin Defence (4 Nf3 Bb4)} dxc4 (7... Re8 8. Bd2 a6 9. a3 Bd6 10. Rd1 Bd7 11. h3 h6 12. c5 Bf8 13. Ne5 Nxe5 14. dxe5 Ne4 15. Nxe4 dxe4 {1-0 (93) So,W (2767)-Vidit,S (2718) Khanty-Mansiysk 2019}) 8. Bxc4 Bd6 9. O-O {White has an edge.} e5 10. h3 Bd7 11. Bd2 exd4 12. exd4 Qc8 {White should prevent ...Bxh3!} 13. Nd5 $146 ({Better is} 13. Ne4 $11) ({Predecessor:} 13. Nb5 Bxh3 14. Nxd6 Qg4 15. Ne1 Nxd4 16. f3 Qh4 17. Qd3 cxd6 18. gxh3 {1-0 (31) Mareco,S (2583)-Mekhitarian,K (2487) Santos 2011}) 13... Nxd5 (13... Bxh3 $5 14. Nxf6+ (14. gxh3 $2 Qxh3 15. Qd3 Qg4+ 16. Kh1 Qh3+ 17. Kg1 Nxd5 $19) 14... gxf6 $15) 14. Bxd5 Ne7 15. Bc4 Bf5 16. Qb3 c6 17. Bb4 Bxb4 18. Qxb4 Ng6 19. Rfe1 Qd7 20. Re3 b5 {The position is equal.} 21. Bf1 a5 22. Qc5 Be6 23. a4 bxa4 24. Rxa4 Bd5 25. Ne5 Nxe5 26. dxe5 Qb7 27. b4 axb4 28. Rxb4 {Accuracy: White = 61%, Black = 56%.} 1/2-1/2